Представление документа в формате MARC21

Поле Инд. ПП Название Значение
Тип записи a
Библиографический уровень m
001 Контрольный номер RU/IS/BASE/226425942
005 Дата корректировки 20200527114423.5
020 00 a ISBN 5-279-02109-1
c Цена, тираж 68-00; 50-00
084 a Индекс другой классификации/Индекс ББК 60.56я7+65.050
090 a Полочн. индекс 60.5
x Авторский знак Г 16
100 10 a Автор Галкина Т. П.
245 00 a Заглавие Социология управления: от группы к команде
b Продолж. заглавия учеб. пособие для вузов
260 00 a Место издания Москва
b Издательство Финансы и статистика
c Дата издания 2003
c Дата издания 2001
300 00 a Объем 224 с.
b Иллюстрации/ тип воспроизводства ил.
650 _4 a Основная рубрика Управление-Социология-Учебные издания для высших учебных заведений
653 00 a Ключевые слова Межличностное поведение
a Ключевые слова Менеджмент
a Ключевые слова Организации социальные
a Ключевые слова Организационная культура
a Ключевые слова Организационное поведение
a Ключевые слова Социология управления
952 c Вид литературы учебное пособие
990 00 f Даты поступлений (DOS) 04.03
f Даты поступлений (DOS) 05.01